Guess the Taylor Swift Song (Speak Now TV) 14 - Statistics

General Stats
  • This quiz has been taken 10 times
  • The average score is 374 of 525
Answer Stats
Answer % Correct
a
100%
an
100%
I
100%
love
100%
love,
100%
me
100%
no
100%
to
100%
We
100%
we
100%
you
100%
You
100%
And
86%
and
86%
And,
86%
be
86%
been
86%
by
86%
Cause
86%
have
86%
head
86%
if
86%
in
86%
In
86%
is
86%
It
86%
it
86%
it's
86%
like
86%
mine
86%
my
86%
my,
86%
night
86%
old
86%
On
86%
on
86%
said,
86%
said
86%
so
86%
So,
86%
that
86%
the
86%
The
86%
There
86%
this
86%
time
86%
Time
86%
us
86%
walked
86%
were
86%
We're
86%
when
86%
would
86%
would've
86%
your
86%
You're
86%
But
71%
Down
71%
down
71%
every
71%
fight
71%
first
71%
for
71%
home
71%
I'm
71%
know
71%
let
71%
life,
71%
life
71%
man
71%
of
71%
off
71%
"Oh
71%
once
71%
one
71%
only
71%
our
71%
put
71%
say,
71%
somethin'
71%
something
71%
still
71%
there's
71%
they
71%
those
71%
thought
71%
we'd
71%
you'd
71%
all
57%
antique
57%
as
57%
At
57%
back
57%
block,
57%
brought
57%
counter
57%
did
57%
don't
57%
Don't
57%
even
57%
Even
57%
eye
57%
face
57%
find
57%
fine
57%
found
57%
gonna
57%
house
57%
I'd
57%
kind
57%
laughin'
57%
letters
57%
made
57%
met
57%
read
57%
saw
57%
shop
57%
sign
57%
single
57%
"Stop
57%
Story
57%
story
57%
that's
57%
That's
57%
timeless
57%
timeless"
57%
timeless,
57%
two
57%
war
57%
was
57%
you'll
57%
1944
43%
1958
43%
30s
43%
about
43%
always
43%
another
43%
away
43%
book
43%
box
43%
bride
43%
called
43%
came
43%
cardboard
43%
cents
43%
comin'
43%
crowded
43%
dance
43%
each"
43%
each
43%
explain
43%
fell
43%
forgot
43%
God
43%
had
43%
hands
43%
hard
43%
Hello
43%
instead
43%
just
43%
kinda
43%
left
43%
lifetime
43%
lookin'
43%
lovers
43%
marry
43%
mind
43%
other
43%
Photos"
43%
photos,
43%
photos
43%
porch
43%
prayed
43%
really
43%
right
43%
run
43%
somehow,
43%
sometimes
43%
street
43%
their
43%
these
43%
things
43%
turned
43%
twenty-five
43%
We'll
43%
we've
43%
1500s
29%
age
29%
ago,
29%
ago
29%
apart
29%
behind
29%
believe
29%
Black
29%
body
29%
breaks
29%
caught
29%
classic
29%
cobwebs
29%
couple
29%
covered
29%
date
29%
different
29%
driveway
29%
fate
29%
few
29%
foreign
29%
gray
29%
hair
29%
headed
29%
Holdin'
29%
Hundreds
29%
land
29%
precious
29%
proof,
29%
romance
29%
room
29%
round
29%
same
29%
short
29%
smile
29%
soul
29%
started
29%
stood
29%
supposed
29%
teenage
29%
torn
29%
turnin'
29%
upon
29%
way
29%
Which
29%
white,
29%
years
29%
die
14%
forced
14%
touch
14%
No matching quizzes found
Score Distribution
Percent of People with Each Score
Percentile by Number Answered
Your Score History
You have not taken this quiz